[Event "GER-chT U18 Girls"]
[Site "Karlsruhe"]
[Date "2015.05.10"]
[Round "7.2"]
[White "Koenig, Isabel"]
[Black "Hobrecht, Marei"]
[Result "1-0"]
[WhiteElo "1073"]
[BlackElo "800"]
[PlyCount "57"]
[EventDate "2015.05.07"]
[EventType "team-swiss"]
[EventRounds "7"]
[EventCountry "GER"]
[SourceTitle "EXT 2017"]
[Source "ChessBase"]
[SourceDate "2016.10.25"]
[SourceVersion "1"]
[SourceVersionDate "2016.10.25"]
[SourceQuality "1"]
[WhiteTeam "Altenholz Gymn (W)"]
[BlackTeam "Bremen Am Barkhof (W)"]
[WhiteTeamCountry "GER"]
[BlackTeamCountry "GER"]

1. d4 d5 2. c4 e6 3. Nf3 Nc6 4. Nc3 dxc4 5. e4 Nf6 6. Bxc4 Bb4 7. Bg5 h6 8. Bh4 0-0 9. e5 b6 10. exf6 gxf6 11. 0-0 Bb7 12. a3 Re8 13. axb4 Nxb4 14. Ne5 Ba6 15. Bxa6 Nxa6 16. Rxa6 Qc8 17. Qg4+ Kf8 18. Ng6+ fxg6 19. Qxg6 Qxa6 20. Qxh6+ Ke7 21. Qxf6+ Kd7 22. Qf7+ Kc6 23. Qf3+ Kd7 24. Rc1 Rh8 25. Qf7+ Kc6 26. Qxe6+ Kb7 27. Qd5+ c6 28. Qd7+ Kb8 29. Bg3# 1-0